000
00312 a2200109 4500
001
ART_25884
005
20260410161602.0
008
260409a
245
1
0
_a
Responsabilidad profesional
100
1
_a
Wainstein, Mario
773
0
_t
Profesional & Empresaria
_g
- Año V, Nº 63 (dic. 2004)
_w
REV70
999
_c
9839
_d
9839